| 000 | 00348nam a2200121Ia 4500 | ||
|---|---|---|---|
| 008 | 190722s9999 xx 000 0 und d | ||
| 020 | _a978-93-325-5194-7 | ||
| 100 | _aDan W. Patterson | ||
| 245 | 0 | _aIntroduction to Artificial Intelligence and Expert Systems | |
| 260 |
_aIndia _bPearson India Education Services _c2015 |
||
| 300 | _a448 | ||
| 942 | _cBK | ||
| 999 |
_c350 _d350 |
||